| 000 | 00492nam a22001697a 4500 | ||
|---|---|---|---|
| 003 | CEME | ||
| 005 | 20210628205122.0 | ||
| 008 | 210226b xxu||||| |||| 00| 0 eng d | ||
| 020 | _a3-528-06339-4 | ||
| 040 | _c. | ||
| 082 | _a621.391 SUC'O | ||
| 100 |
_aHincha Guo, Jun Suchenwith, R _974027 |
||
| 245 | _aOptical recognition of chines characters advances in control systems and signal processing | ||
| 260 |
_aGERMANY _bFRIEDER VIEWING _c1989 |
||
| 300 | _aVIII, 144P | ||
| 942 |
_cBK _2ddc |
||
| 999 |
_c579607 _d579607 |
||